| 000 | 00915cam a2200277 a 4500 | ||
|---|---|---|---|
| 999 |
_c3613 _d3613 |
||
| 001 | 4398657 | ||
| 003 | Nust | ||
| 005 | 20170105101220.0 | ||
| 008 | 930210s1993 nyuab b 001 0 eng | ||
| 010 | _a 92061383 | ||
| 020 | _a0879016159 | ||
| 040 |
_aDLC _cDLC _dDLC |
||
| 050 | 0 | 0 |
_aHB172.5 _b.S66 1993 |
| 082 | 0 | 0 |
_a339 _220 |
| 100 | 1 | _aSpencer, Milton H. | |
| 245 | 1 | 0 |
_aContemporary macroeconomics / _cMilton H. Spencer, Orley Amos, Jr. |
| 250 | _a8th ed. | ||
| 260 |
_aNew York, N.Y. : _bWorth Publishers, _cc1993. |
||
| 300 |
_a1 v. (various pagings) : _bill. (some col.), maps ; _c26 cm. |
||
| 504 | _aIncludes bibliographical references and index. | ||
| 650 | 0 | _aMacroeconomics. | |
| 700 | 1 |
_aAmos, Orley M., _d1954- |
|
| 906 |
_a7 _bcbc _corignew _d3 _eopcn _f19 _gy-gencatlg |
||
| 942 |
_2ddc _cBK |
||